Top 50 NBA Players Current - Statistics

General Stats
  • This quiz has been taken 236 times
    211 since last reset
  • The average score is 30 of 50
Answer Stats
Hint Answer % Correct
1 Nikola Jokic
99%
9 Lebron James
95%
13 Stephen Curry
95%
10 Luka Doncic
93%
6 Kevin Durant
92%
3 Joel Embiid
90%
2 Shai Gilgeous-Alexander
90%
4 Giannis Antetokounmpo
89%
7 Jayson Tatum
86%
27 Devin Booker
82%
12 Anthony Davis
81%
31 Jaylen Brown
78%
17 Anthony Edwards
76%
32 Kyrie Irving
76%
18 Damian Lillard
73%
19 Jalen Brunson
73%
34 Jimmy Butler
69%
33 Kawhi Leonard
69%
8 Tyrese Maxey
69%
50 Victor Wembanyama
69%
29 Paul George
67%
11 Trae Young
67%
5 Tyrese Haliburton
67%
16 Karl Anthony-Towns
66%
35 Dejounte Murray
65%
15 De'aaron Fox
64%
14 Domantas Sabonis
64%
23 Donovan Mitchell
64%
20 Bam Adebayo
59%
44 Lamelo Ball
59%
25 Zion Williamson
59%
46 Rudy Gobert
52%
26 Kristaps Porzingis
48%
45 Paolo Banchero
48%
38 Pascal Siakam
48%
49 Jrue Holiday
47%
37 Julius Randle
47%
30 Scottie Barnes
44%
22 Brandon Ingram
41%
21 Chet Holmgren
39%
48 Lauri Markkanen
39%
36 Mikal Bridges
35%
24 Alperen Sengun
31%
39 Evan Mobley
31%
43 Franz Wagner
31%
47 Fred VanVleet
27%
41 Michael Porter Jr
23%
42 D'angelo Russell
22%
28 Tobias Harris
16%
40 Jonas Valanciunas
8%
No matching quizzes found
Score Distribution
Percent of People with Each Score
Percentile by Number Answered
Your Score History
You have not taken this quiz since the last reset